LEADER 00789nam0-2200301---450 001 990009520290403321 005 20220630113545.0 035 $a000952029 035 $aFED01000952029 035 $a(Aleph)000952029FED01 035 $a000952029 100 $a20120130d1968----km-y0itay50------ba 101 0 $aeng 102 $aGB 105 $a--------001yy 200 1 $a<> double helix$fby James D. Watson 210 $aLondon$cWeidenfeld and Nicolson$dc1968 215 $a226 p.$cill.$d22 cm 610 0 $aBiologia 676 $a570$v22$zita 700 1$aWatson,$bJames D.$0264151 801 0$aIT$bUNINA$gRICA$2UNIMARC 901 $aBK 912 $a990009520290403321 952 $aBSF- 570-WAT-1$bs.i.$fSC1 959 $aSC1 996 $aDouble helix$929807 997 $aUNINA